00287nam a2200133Ia 45000030006000000080041000060400015000471000014000622450012000762500010000882600026000985460012001240050017001360STCL150530s9999 xx 000 0 und d aSTCLcSTCL aPoole, A. aTragedy aFirst bBasil Blackwellc1988 aEnglish20220125170956.0